ბათუმის შოთა რუსთაველის სახელმწიფო უნივერსიტეტის ბიბლიოთეკა

Legal and economic principles of world trade law / (ბიბ.ჩანაწერი № 57748)

000 -LEADER
fixed length control field 01374cam a2200289 i 4500
001 - CONTROL NUMBER
control field 17557746
005 - DATE AND TIME OF LATEST TRANSACTION
control field 20201022141414.0
008 - FIXED-LENGTH DATA ELEMENTS--GENERAL INFORMATION
fixed length control field 121210s2013 enka b 001 0 eng
020 ## - INTERNATIONAL STANDARD BOOK NUMBER
International Standard Book Number 9781107459649
041 ## - LANGUAGE CODE
Language code of text/sound track or separate title eng
080 ## - UNIVERSAL DECIMAL CLASSIFICATION NUMBER
Universal Decimal Classification number 343 L-49
245 00 - TITLE STATEMENT
Title Legal and economic principles of world trade law /
Statement of responsibility, etc. edited by Henrik Horn, Research Institute of Industrial Economics, Stockholm; Petros C. Mavroidis, European University Institute.
264 #1 - PRODUCTION, PUBLICATION, DISTRIBUTION, MANUFACTURE, AND COPYRIGHT NOTICE
Place of production, publication, distribution, manufacture Cambridge, England :
Name of producer, publisher, distributor, manufacturer Cambridge University Press,
Date of production, publication, distribution, manufacture, or copyright notice 2013.
300 ## - PHYSICAL DESCRIPTION
Extent 367 pages :
Other physical details illustrations ;
Dimensions 24 cm.
490 0# - SERIES STATEMENT
Series statement American law institute reporters studies on WTO law
504 ## - BIBLIOGRAPHY, ETC. NOTE
Bibliography, etc. note Includes bibliographical references and index.
505 0# - FORMATTED CONTENTS NOTE
Formatted contents note The genesis of the GATT summary -- Why the WTO? : an introduction to the economics of trade agreements -- Border instruments -- National treatment.
610 20 - SUBJECT ADDED ENTRY--CORPORATE NAME
Corporate name or jurisdiction name as entry element World Trade Organization.
9 (RLIN) 9662
610 20 - SUBJECT ADDED ENTRY--CORPORATE NAME
Corporate name or jurisdiction name as entry element General Agreement on Tariffs and Trade (Organization).
9 (RLIN) 9663
650 #0 - SUBJECT ADDED ENTRY--TOPICAL TERM
Topical term or geographic name entry element Foreign trade regulation.
9 (RLIN) 9664
650 #0 - SUBJECT ADDED ENTRY--TOPICAL TERM
Topical term or geographic name entry element Foreign trade regulation
General subdivision Economic aspects.
9 (RLIN) 9665
653 ## - INDEX TERM--UNCONTROLLED
keyword სამართალი
653 ## - INDEX TERM--UNCONTROLLED
keyword ეკონომიკური ასპექტეპი
700 1# - ADDED ENTRY--PERSONAL NAME
Personal name Horn, Henrik.
Relator term რედაქტორი
9 (RLIN) 9666
700 1# - ADDED ENTRY--PERSONAL NAME
Personal name Mavroidis, Petros C.
Relator term რედაქტორი
9 (RLIN) 9667
942 ## - ADDED ENTRY ELEMENTS (KOHA)
Source of classification or shelving scheme
Koha item type წიგნი
ეგზემპლარები
Withdrawn status Lost status Source of classification or shelving scheme Damaged status Not for loan Permanent Location Current Location Shelving location Date acquired Cost, normal purchase price Full call number Barcode Date last seen Copy number Price effective from Koha item type Public note
          ბათუმის შოთა რუსთაველის სახელმწიფო უნივერსიტეტის მთავარი ბიბლიოთეკა ბათუმის შოთა რუსთაველის სახელმწიფო უნივერსიტეტის მთავარი ბიბლიოთეკა წიგნსაცავი 2020-10-22 102.00 343 L-49 61095 2020-10-22 61095 2020-10-22 წიგნი 102 ლ.